| Tag |
First Indicator |
Second Indicator |
Subfields |
| LEADER |
00000cam a2200000 a 4500 |
| 001 |
in00000080164 |
| 005 |
20151008060843.0 |
| 008 |
820723s1950 enk b 00110 eng d |
| 035 |
|
|
|a (OCoLC)08625999
|
| 035 |
|
|
|9 AAJ6737AM
|
| 040 |
|
|
|a TXA
|c TXA
|d UtOrBLW
|
| 049 |
|
|
|a TXAM
|c [1195542]
|
| 090 |
|
|
|a B828.45
|b .P74 1950
|
| 100 |
1 |
|
|a Price, H. H.
|q (Henry Habberley),
|d 1899-1984.
|
| 245 |
1 |
0 |
|a Perception /
|c by H.H. Price.
|
| 250 |
|
|
|a 2nd ed., rev.
|
| 264 |
|
1 |
|a London :
|b Methuen,
|c 1950.
|
| 300 |
|
|
|a ix, 332 pages ;
|c 23 cm.
|
| 336 |
|
|
|a text
|b txt
|2 rdacontent
|
| 337 |
|
|
|a unmediated
|b n
|2 rdamedia
|
| 338 |
|
|
|a volume
|b nc
|2 rdacarrier
|
| 504 |
|
|
|a Includes bibliographical references and index.
|
| 650 |
|
0 |
|a Perception (Philosophy)
|
| 999 |
|
|
|a MARS
|
| 999 |
f |
f |
|s 95d50c65-10cb-32ff-b283-7dcb5af94c16
|i cc108a50-abd1-34b1-ad9f-efcda9ae0509
|t 0
|
| 952 |
f |
f |
|p ric
|a Texas A&M University
|b Rellis Campus
|c Joint Library Facility
|d Remote Storage
|t 0
|e B828.45 .P74 1950
|h Library of Congress classification
|i unmediated -- volume
|m A14806078993
|
| 998 |
f |
f |
|a B828.45 .P74 1950
|t 0
|l Remote Storage
|